00550nam a22001697a 450000500170000001000150001702000260003203500140005803700130007208200120008510000170009724500840011426000370019827000710023530000260030650000480033220170712153756.0 aENG-119204 a9788175417977c495.00 aEN-102736 bDBAD/PUB a220.509 aTyagi, Ashok aAll about Hinduism :cby Ashok Tyagibfrom vedas to devas and past to present / aDelhibShipra Publicationsc2015 aLG 18-19, Pankaj Central Market,I.P.Ext. PatparganjbDelhie110092 axxiv,368p.c22cm(pbk) aIncludes bibliographic references and index